000
00295nam a2200121Ia 4500
008
220204s9999 xx 000 0 und d
082
_a
631.4:624.131
_b
SCH
100
_a
Schrodder, W L
245
0
_a
Soils in construction
250
_a
Ed.2
260
_a
New York
_b
John Wiley
_c
1975
942
_c
BK
999
_c
36309
_d
36309